Coda 5 educación artística, música: guía didáctica
Na minha lista:
| Main Authors: | , |
|---|---|
| Formato: | Livro |
| Idioma: | espanhol |
| Publicado em: |
Madrid
Bruño
1994
|
| Assuntos: | |
| Tags: |
Adicionar Tag
Sem tags, seja o primeiro a adicionar uma tag!
|
MARC
| LEADER | 00000nam a2200000 a 4500 | ||
|---|---|---|---|
| 001 | UCP5261 | ||
| 003 | CL-VaPUC | ||
| 008 | 990903e19940000SP |||||||||||||||||spa|d | ||
| 082 | 0 | 4 | |a 372.87 |b CAR |2 21 |
| 100 | 0 | |a Carbajo Martínez, Concepción |e author |9 433560 | |
| 700 | |a Lacárcel Moreno, Josefa |e author |9 542986 | ||
| 245 | 1 | 0 | |a Coda 5 educación artística, música: guía didáctica |
| 300 | |a 132 p | ||
| 942 | |c BK | ||
| 945 | |d 19990903 00:00:00 |a cmena | ||
| 260 | |a Madrid |b Bruño |c 1994 | ||
| 650 | 0 | |a Educación básica |9 224933 | |
| 650 | 0 | |a Aptitud creadora |9 307292 | |
| 650 | 0 | |a Educación artística |9 269035 | |
| 650 | 0 | |a Educación musical |9 310072 | |
| 583 | |a last modification |c 20170828 12:15:49 |k Rodrigo Vera | ||
| 999 | |c 283034 |d 283032 | ||
| 952 | |0 0 |1 0 |4 0 |6 372_870000000000000_CAR_1994 |7 0 |8 A |9 325774 |a BIBEDU |b BIBEDU |d 2019-11-20 |i 354124K |o 372.87 CAR 1994 |p 354124K |r 2019-11-20 |w 2019-11-20 |y BK |k BME | ||